[Event "St Jean op"]
[Site "St Jean sur Richelieu"]
[Date "2004.06.27"]
[Round "5"]
[White "Sarra Bournet, Marc"]
[Black "Saint Pierre, Steve"]
[Result "0-1"]
[WhiteElo "1742"]
[BlackElo "1817"]
[PlyCount "128"]
[EventDate "2004.06.??"]
[EventType "swiss"]
[EventRounds "5"]
[EventCountry "CAN"]
[SourceTitle "EXT 2006"]
[Source "ChessBase"]
[SourceDate "2005.11.24"]
[SourceVersion "1"]
[SourceVersionDate "2005.11.24"]
[SourceQuality "1"]

1. e4 e6 2. d4 d5 3. Nd2 Be7 4. e5 c5 5. c3 Nc6 6. Ngf3 cxd4 7. cxd4 Qb6 8. Nb3 a5 9. a4 Bd7 10. Bb5 Nb4 11. Bxd7+ Kxd7 12. 0-0 Rc8 13. Bg5 f6 14. exf6 gxf6 15. Be3 Nc2 16. Nc5+ Bxc5 17. dxc5 Nxe3 18. cxb6 Nxd1 19. Rfxd1 Rc6 20. Nd4 Rxb6 21. Nb5 Ne7 22. Ra3 Nf5 23. Kf1 Nd6 24. Rb3 Nxb5 25. axb5 Kd6 26. Ra1 Ra8 27. Ra4 Kc5 28. Rh4 Rh8 29. Rh6 e5 30. Rc3+ Kxb5 31. Rb3+ Kc5 32. Rxb6 Kxb6 33. Rxf6+ Kc5 34. Ke2 b5 35. Kd3 Rg8 36. g3 e4+ 37. Kc3 Rg7 38. Rf8 Rc7 39. Rd8 a4 40. Kd2 Kc4 41. Ke3 b4 42. Ra8 Kb3 43. Ra5 a3 44. bxa3 bxa3 45. Rb5+ Kc2 46. Rxd5 Ra7 47. Rc5+ Kb2 48. Rb5+ Kc3 49. Rc5+ Kb4 50. Rc1 Rf7 51. Rb1+ Kc3 52. Rb8 Rf3+ 53. Kxe4 Rxf2 54. h4 a2 55. Ra8 Kb2 56. Rb8+ Kc1 57. Ra8 Kb1 58. Rb8+ Rb2 59. Ra8 h5 60. Ra5 Rb4+ 61. Kf3 a1Q 62. Rxh5 Qc3+ 63. Kg2 Rb2+ 64. Kh3 Qc8+ 0-1

[Event "St Jean op"]
[Site "St Jean sur Richelieu"]
[Date "2004.06.25"]
[Round "1"]
[White "Laurendeau, Alfred"]
[Black "Saint Pierre, Steve"]
[Result "0-1"]
[WhiteElo "1636"]
[BlackElo "1817"]
[PlyCount "102"]
[EventDate "2004.06.??"]
[EventType "swiss"]
[EventRounds "5"]
[EventCountry "CAN"]
[SourceTitle "EXT 2006"]
[Source "ChessBase"]
[SourceDate "2005.11.24"]
[SourceVersion "1"]
[SourceVersionDate "2005.11.24"]
[SourceQuality "1"]

1. d4 f5 2. Bg5 d5 3. Nf3 c6 4. e3 Qb6 5. b3 e6 6. a3 Nd7 7. Nbd2 Ngf6 8. c4 Be7 9. c5 Qd8 10. Be2 0-0 11. Bf4 Ne4 12. Qc2 g5 13. Bg3 Bf6 14. Nxe4 fxe4 15. Ne5 Nxe5 16. dxe5 Be7 17. b4 Bd7 18. 0-0 Be8 19. Qd1 Bg6 20. Bg4 Qd7 21. f3 h5 22. Bh3 exf3 23. Rxf3 Rxf3 24. gxf3 b6 25. cxb6 axb6 26. Qd4 c5 27. bxc5 bxc5 28. Qc3 Kf7 29. e4 dxe4 30. fxe4 Bxe4 31. Rf1+ Kg7 32. Bf2 g4 33. Bg2 Bxg2 34. Kxg2 Qd5+ 35. Kg1 c4 36. Rc1 Bc5 37. Qxc4 Bxf2+ 38. Kxf2 Qxc4 39. Rxc4 Rxa3 40. Re4 Rf3+ 41. Kg2 Rd3 42. Kf2 Kg6 43. Rf4 Rf3+ 44. Rxf3 gxf3 45. Kxf3 Kf5 46. Ke2 Kxe5 47. Ke3 Kf5 48. Kf3 h4 49. Kg2 Kg4 50. Kg1 Kf3 51. Kf1 e5 0-1

[Event "Quebec Montcalm op 01"]
[Site "Quebec"]
[Date "2004.01.09"]
[Round "1"]
[White "Saint Pierre, Steve"]
[Black "Caire, Francois"]
[Result "0-1"]
[WhiteElo "1805"]
[BlackElo "2075"]
[PlyCount "46"]
[EventDate "2004.01.09"]
[EventType "swiss"]
[EventRounds "5"]
[EventCountry "CAN"]
[SourceTitle "EXT 2006"]
[Source "ChessBase"]
[SourceDate "2005.11.24"]
[SourceVersion "1"]
[SourceVersionDate "2005.11.24"]
[SourceQuality "1"]

1. f4 e5 2. fxe5 d6 3. exd6 Bxd6 4. Nf3 Nf6 5. d3 Ng4 6. Bg5 f6 7. Bh4 Ne3 8. Qd2 Bf4 9. Qc3 Nc6 10. Bf2 Bg4 11. Nbd2 Qe7 12. Nc4 Bxf3 13. gxf3 Nd4 14. Nxe3 Bxe3 15. Bg3 0-0-0 16. Kd1 Rhe8 17. Qc4 f5 18. c3 Nc6 19. Kc2 f4 20. Bh3+ Kb8 21. Be1 Bb6 22. a4 Qxe2+ 23. Bd2 Be3 0-1

[Event "Quebec Montcalm-ch"]
[Site "Quebec"]
[Date "2003.01.12"]
[Round "5"]
[White "Saint Pierre, Steve"]
[Black "Sauve, Richard"]
[Result "0-1"]
[WhiteElo "1819"]
[BlackElo "2011"]
[PlyCount "91"]
[EventDate "2003.01.??"]
[EventType "swiss"]
[EventRounds "5"]
[EventCountry "CAN"]
[SourceTitle "EXT 2006"]
[Source "ChessBase"]
[SourceDate "2005.11.24"]
[SourceVersion "1"]
[SourceVersionDate "2005.11.24"]
[SourceQuality "1"]

1. e4 e6 2. d4 d5 3. e5 c5 4. c3 Nc6 5. Nf3 Qb6 6. a3 Nh6 7. b4 cxd4 8. cxd4 Nf5 9. Bb2 Be7 10. h4 a5 11. b5 a4 12. g4 Nh6 13. Nc3 Nxg4 14. Nxa4 Qa5+ 15. Nd2 h5 16. Nc5 Ncxe5 17. Ncb3 Qb6 18. Qe2 Ng6 19. Bh3 Bd7 20. a4 Nf4 21. Qf3 Nxh3 22. Rxh3 Rh6 23. Qd3 e5 24. Rh1 e4 25. Qe2 Rf6 26. Rf1 Rxf2 27. Rxf2 Bxh4 28. Kf1 Bxf2 29. Nxe4 dxe4 30. Qxe4+ Qe6 31. Qxb7 Rc8 32. Nc5 Rxc5 33. dxc5 Qc4+ 34. Kg2 Qxc5 35. Qb8+ Qc8 36. Qd6 Qa8+ 37. Kf1 Qh1+ 38. Ke2 Qe4+ 39. Kf1 Qh1+ 40. Ke2 Qe4+ 41. Kf1 Bh4 42. Qb8+ Ke7 43. Ba3+ Kf6 44. Qd6+ Be6 45. Bb2+ Kg6 46. Qd4 0-1